Memòria d'arxius ... / Direcció General del Patrimoni Cultural. Subdirecció General d'Arxius
Publicado:
Barcelona :
Generalitat de Catalunya. Departament de Cultura. Subdirecció General d'Arxius ,
2006
Descripción Física:
29 cm
MARC
| LEADER | 00000nam a2200000Ia 4500 | ||
|---|---|---|---|
| 001 | 18240, 19591 | ||
| 008 | 160829s2006 - xx 000 0 cat d | ||
| 080 | |a A-2-273, A-2-304 | ||
| 110 | 1 | |a Catalunya. |b Subdirecció General d'Arxius |9 53471 | |
| 245 | |a Memòria d'arxius ... / Direcció General del Patrimoni Cultural. Subdirecció General d'Arxius | ||
| 250 | |a Ed. no venal | ||
| 260 | |a Barcelona : |b Generalitat de Catalunya. Departament de Cultura. Subdirecció General d'Arxius, |c 2006 - | ||
| 300 | |a 29 cm | ||
| 590 | |a Periodicitat anual | ||
| 650 | 0 | |a Arxius |z Catalunya |9 37959 | |
| 650 | |a Catalunya. Subdirecció General d'Arxius | ||
| 710 | 2 | |a Catalunya. |b Departament de Cultura |9 52819 | |
| 866 | |a 2005, 2006 | ||
| 901 | |a Arxiu | ||
| 942 | |n 1 | ||
| 952 | |0 0 |1 0 |4 0 |6 A2273_A2304 |7 1 |9 48174 |a Arxiu |b Arxiu |d 2016-12-01 |l 0 |o A-2-273, A-2-304 |p 18240, 19591 |r 2016-12-01 00:00:00 |w 2016-12-01 |y ARXIU | ||
| 999 | |c 51977 |d 51977 | ||